000
00319nam a22001337a 4500
020
_a
0-1430-6302-2
082
_a
030
_b
KIN/I
100
_a
DORLING KINDERSLEY
245
_a
ILLUSTRATED FAMILY ENCYCLOPEDIA
260
_a
LONDON
_b
DK LIMITED
_c
2007
300
_a
1012
650
_a
ENCYCLOPEDIA
_z
UNITED KINGDOM
942
_c
BK
999
_c
2194
_d
2194